Łódzkie ulice od nazw miast - Statystyki

Ogólne statystyki
  • Ten quiz został rozwiązany 489 razy
  • Średni wynik to 10 z 32
Statystyki odpowiedzi
Odpowiedzi % Poprawnych
Warszawska
89%
Gdańska
80%
Krakowska
72%
Poznańska
69%
Zgierska
66%
Pabianicka
62%
Szczecińska
61%
Toruńska
49%
Aleksandrowska
48%
Rzeszowska
41%
Lubelska
39%
Rzgowska
39%
Gdyńska
38%
Częstochowska
34%
Brzezińska
32%
Strykowska
29%
Tuszyńska
23%
Łęczycka
22%
Ozorkowska
16%
Rokicińska
16%
Gliwicka
14%
Łagiewnicka
12%
Elbląska
11%
Legnicka
10%
Chełmska
9%
Kołobrzeska
9%
Inowrocławska
8%
Brójecka
5%
Uniejowska
5%
Sanocka
4%
Człuchowska
1%
Malborkska
1%
Nie znaleziono quizów pasujących do podanych kryteriów
Rozkład punktacji
Procent ludzi z każdym wynikiem
Percentyl według liczby udzielonych odpowiedzi
Twoja historia wyników
Nie rozwiązałeś tego quizu